Russian Monarchs Quiz - Statistics

General Stats
  • This quiz has been taken 1,327 times
  • The average score is 22 of 34
Answer Stats
Rule % Correct
Rurik Dynasty 1328-1340 Ivan I
93%
Rurik Dynasty 1353-1359 Ivan II
93%
Rurik Dynasty 1462-1505 Ivan III
93%
Rurik Dynasty 1547-1584 Ivan IV
93%
Romanov Dynasty 1682-1696 Ivan V
93%
Romanov Dynasty 1740-1741 Ivan VI
93%
Romanov Dynasty 1825-1855 Nicholas I
93%
Romanov Dynasty 1894-1917 Nicholas II
93%
Romanov Dynasty 1682-1725 Peter I
93%
Romanov Dynasty 1727-1730 Peter II
93%
Romanov Dynasty 1762 Peter III
93%
Romanov Dynasty 1725-1727 Catherine I
91%
Romanov Dynasty 1762-1796 Catherine II
91%
Romanov Dynasty 1801-1825 Alexander I
90%
Romanov Dynasty 1855-1881 Alexander II
90%
Romanov Dynasty 1881-1894 Alexander III
90%
Romanov Dynasty 1796-1801 Paul
60%
Romanov Dynasty 1741-1762 Elizabeth
56%
Romanov Dynasty 1613-1645 Mikhail / Michael
52%
Romanov Dynasty 1730-1740 Anna
46%
Rurik Dynasty 1359-1389 Dmitry Donskoy
46%
Rurik Dynasty 1446-1447 Dmitry Shemyaka
46%
Rurik Dynasty 1584-1598 Feodor I
46%
Rurik Dynasty 1605 Feodor II
46%
Romanov Dynasty 1676-1682 Feodor III
46%
Rurik Dynasty 1598-1605 Boris Godunov
42%
Rurik Dynasty 1505-1533 Vasili III
36%
Rurik Dynasty 1606-1610 Vasili IV
36%
Rurik Dynasty 1389-1425 Vasily I
36%
Rurik Dynasty 1425-1433; 1435-1446; 1447-1462 Vasily II
36%
Rurik Dynasty 1434-1435 Vasily Kosoy
36%
Romanov Dynasty 1645-1676 Alexis
29%
Rurik Dynasty 1340-1353 Simeon
19%
Rurik Dynasty 1433-1434 Yury II
18%
No matching quizzes found
Score Distribution
Percent of People with Each Score
Percentile by Number Answered
Your Score History
You have not taken this quiz